| 000 | 00600nam a2200253Ia 4500 | ||
|---|---|---|---|
| 008 | 210210b2009 xxu||||| |||| 00| 0 eng d | ||
| 020 | _a9781851685356 | ||
| 041 | _aeng | ||
| 082 | _a821.1 LEWR | ||
| 100 | _aLEWIS (Franklin) | ||
| 245 | _aRumi: swallowing the sun: poems translated from the Persian | ||
| 260 |
_aEngland _bOneworld _c2009 |
||
| 300 | _axxxiii,203 | ||
| 650 | _atranslated | ||
| 650 | _athe | ||
| 650 | _aswallowing | ||
| 650 | _asun: | ||
| 650 | _aRumi: | ||
| 650 | _apoems | ||
| 650 | _aPersian | ||
| 650 | _afrom | ||
| 690 | _aEnglish Poetry | ||
| 906 | _a066200 | ||
| 999 |
_c146640 _d146640 |
||